Correlation of Metrolac drc with actual drc of field latex (Record no. 50799)

MARC details
000 -LEADER
fixed length control field 00413nam a2200157Ia 4500
100 ## - MAIN ENTRY--AUTHOR NAME
Personal name Nair K.K.
245 #0 - TITLE STATEMENT
Title Correlation of Metrolac drc with actual drc of field latex
260 ## - PUBLICATION, DISTRIBUTION, ETC. (IMPRINT)
Name of publisher Rubber Board Bulletin
Year of publication 1970-71
300 ## - PHYSICAL DESCRIPTION
Number of Pages 17-24
650 ## - SUBJECT ADDED ENTRY--TOPICAL TERM
Topical Term DRC estimation
650 ## - SUBJECT ADDED ENTRY--TOPICAL TERM
Topical Term Latex
650 ## - SUBJECT ADDED ENTRY--TOPICAL TERM
Topical Term Metrolac
700 ## - ADDED ENTRY--PERSONAL NAME
Personal name Sivaramakrishnan N.H.
942 ## - ADDED ENTRY ELEMENTS (KOHA)
Koha item type Bibliography STAF
Holdings
Withdrawn status Lost status Damaged status Not for loan Home library Current library Shelving location Date acquired Serial Enumeration / chronology Koha item type
      Bibliography RRII Library RRII Library Rubber chemistry 09/04/2014 Volume 11, Issue 1 Bibliography STAF